000
00315nam a22001457a 4500
008
210311b ||||| |||| 00| 0 eng d
020
_a
9780735615205
041
_a
eng
080
_a
004
082
_a
004
100
_a
28
101
_a
SHKI
245
_a
Microsoft Office System
_c
Blanton, A
942
_2
udc
_c
BK
999
_c
56457
_d
56457